000 00532nam a2200181 4500
001 109914
003 ES-MaACL
005 20230906184935.0
007 t|
008 061121s1971 sp r ||||1| fre d
080 _a811.361(075.4)
100 1 _aOñatibia, Juan.
_987115
245 1 0 _aMéthode d' eskuara radiophonique
_b: Deuxiéme /
_cJon Oñatibia.
260 _a[San Sebastián :
_bEdili,
_c1971]
300 _a259 p. :
_bil ;
_c22 cm.
650 0 4 _aLengua vasca-
_vMétodos.
_914339
852 _aES-MaACL
_jC-48282
_bR.79190
999 _c109914
_d109914